Проблемы модернизации российского государства и великие реформы Александра II: современный взгляд (Запись № 10092255)
[ простой вид ]
| 000 -МАРКЕР | |
|---|---|
| контрольное поле | 03556nam0a2200421 i 4500 |
| 001 - ИДЕНТИФИКАТОР ЗАПИСИ | |
| контрольное поле | RU\NLR\BIBL_A\010786110 |
| 005 - ИДЕНТИФИКАТОР ВЕРСИИ | |
| контрольное поле | 20260406164129.0 |
| 010 ## - МЕЖДУНАРОДНЫЙ СТАНДАРТНЫЙ НОМЕР КНИГИ (ISBN) | |
| Номер (ISBN) | 9785931793979 |
| Тираж | 500 |
| 021 ## - НОМЕР ГОСУДАРСТВЕННОЙ РЕГИСТРАЦИИ | |
| Код страны | Российская Федерация |
| Номер | 2015-37184 |
| Номер Листа государственной регистраци | 2205 |
| 035 ## - ДРУГИЕ СИСТЕМНЫЕ НОМЕРА | |
| Идентификатор записи | (NILC)RuMoRGB-007934394 |
| 035 ## - ДРУГИЕ СИСТЕМНЫЕ НОМЕРА | |
| Идентификатор записи | (NLR Aleph) 010786110 |
| 100 ## - ДАННЫЕ ОБЩЕЙ ОБРАБОТКИ | |
| Данные общей обработки | 20150622d2015 km y0rusy50 ca |
| 101 0# - ЯЗЫК РЕСУРСА | |
| Язык текста, звукозаписи и т.д. | русский |
| 102 ## - СТРАНА ПУБЛИКАЦИИ ИЛИ ПРОИЗВОДСТВА | |
| Страна публикации | Российская Федерация |
| 105 ## - ПОЛЕ КОДИРОВАННЫХ ДАННЫХ: ТЕКСТОВЫЕ МАТЕРИАЛЫ, МОНОГРАФИЧЕСКИЕ | |
| Кодированные данные о монографическом текстовом документе | y|||z|||100yy |
| 200 1# - ЗАГЛАВИЕ И СВЕДЕНИЯ ОБ ОТВЕТСТВЕННОСТИ | |
| Основное заглавие | Проблемы модернизации российского государства и великие реформы Александра II: современный взгляд |
| Сведения, относящиеся к заглавию | сборник статей и материалов "круглых столов" кафедры теории и истории государства и права |
| Первые сведения об ответственности | [сост.: Кулаженкова Н.В., преп. |
| Последующие сведения об ответственности | под общ. ред. к.ю.н., доц. Е.Н. Селютиной] |
| 210 ## - ПУБЛИКАЦИЯ, РАСПРОСТРАНЕНИЕ И ДР. | |
| Место издания, распространения и т.д. | Орел |
| Имя издателя, распространителя и т. д. | Изд-во Орловского филиала РАНХиГС |
| Дата издания, распространения и т.д. | 2015 |
| 215 ## - ФИЗИЧЕСКАЯ ХАРАКТЕРИСТИКА | |
| Специфическое обозначение материала и объем | 303 с. |
| Размеры | 20 |
| 300 ## - ОБЩИЕ ПРИМЕЧАНИЯ | |
| Текст примечания | В надзаг.: Федер. гос. бюджет. образоват. учреждение высш. проф. образования Рос. акад. нар. хоз-ва и гос. службы при Президенте Рос. Федерации, Орл. фил. |
| 320 ## - ПРИМЕЧАНИЯ О НАЛИЧИИ В ДОКУМЕНТЕ БИБЛИОГРАФИИ / УКАЗАТЕЛЯ | |
| Текст примечания | Библиогр. в подстроч. примеч. |
| 327 1# - ПРИМЕЧАНИЯ О СОДЕРЖАНИИ | |
| Текст примечания | В кн. также: круглые столы: Правовое регулирование местного самоуправления в России: история, современность и перспективы развития (13 марта 2014 г.); Государство и право России в период Первой мировой войны (31 октября 2014 г.) |
| 606 1# - НАИМЕНОВАНИЕ ТЕМЫ КАК ПРЕДМЕТ | |
| Наименование темы | Государство |
| Формальный подзаголовок | Съезды, совещания и т.п |
| Тематический подзаголовок | История |
| Географический подзаголовок | Россия |
| Хронологический подзаголовок | 18 - 20 вв. |
| Системный номер авторитетной/нормативной записи | 2393718 |
| Идентификатор авторитетной/нормативной записи | RU\NLR\AUTH\661427301 |
| 606 1# - НАИМЕНОВАНИЕ ТЕМЫ КАК ПРЕДМЕТ | |
| Наименование темы | Право |
| Формальный подзаголовок | Съезды, совещания и т.п |
| Тематический подзаголовок | История |
| Географический подзаголовок | Россия |
| Хронологический подзаголовок | 18 - 20 вв. |
| Системный номер авторитетной/нормативной записи | 2393715 |
| Идентификатор авторитетной/нормативной записи | RU\NLR\AUTH\661427300 |
| 610 0# - НЕКОНТРОЛИРУЕМЫЕ ПРЕДМЕТНЫЕ ТЕРМИНЫ | |
| Предметный термин | буржуазные реформы 60-70-х гг. |
| 686 1# - ИНДЕКСЫ ДРУГИХ КЛАССИФИКАЦИЙ | |
| Индекс | Х2(2)я431 |
| 702 #0 - ИМЯ ЛИЦА - ВТОРИЧНАЯ ОТВЕТСТВЕННОСТЬ | |
| Код отношения | Прочие |
| Графика поля | Кириллица |
| Материалы, к которым относится поле | rus |
| Начальный элемент ввода | Александр |
| Дополнения к именам, кроме дат | император российский |
| Римские цифры | II |
| Даты | 1818-1881 |
| Системный номер авторитетной/нормативной записи | 120289 |
| Идентификатор авторитетной/нормативной записи | RU\NLR\AUTH\7710521 |
| 702 #1 - ИМЯ ЛИЦА - ВТОРИЧНАЯ ОТВЕТСТВЕННОСТЬ | |
| Начальный элемент ввода | Кулаженкова |
| Часть имени, кроме начального элемента ввода | Н. В. |
| Код отношения | Составитель |
| 702 #1 - ИМЯ ЛИЦА - ВТОРИЧНАЯ ОТВЕТСТВЕННОСТЬ | |
| Начальный элемент ввода | Селютина |
| Часть имени, кроме начального элемента ввода | Е. Н. |
| Расширение инициалов личного имени | Елена Николаевна |
| Код отношения | Редактор |
| 711 12 - НАИМЕНОВАНИЕ ОРГАНИЗАЦИИ - АЛЬТЕРНАТИВНАЯ ОТВЕТСТВЕННОСТЬ | |
| Начальный элемент ввода | "Правовое регулирование местного самоуправления в России: история, современность и перспективы развития", "круглый стол" |
| Место проведения временной организации | Орел |
| Дата проведения временной организации | 2014 |
| Системный номер авторитетной/нормативной записи | 474224 |
| Идентификатор авторитетной/нормативной записи | RU\NLR\AUTH\880403597 |
| 711 12 - НАИМЕНОВАНИЕ ОРГАНИЗАЦИИ - АЛЬТЕРНАТИВНАЯ ОТВЕТСТВЕННОСТЬ | |
| Начальный элемент ввода | "Государство и право России в период Первой мировой войны", "круглый стол" |
| Место проведения временной организации | Орел |
| Дата проведения временной организации | 2014 |
| Системный номер авторитетной/нормативной записи | 474232 |
| Идентификатор авторитетной/нормативной записи | RU\NLR\AUTH\880403601 |
| 711 12 - НАИМЕНОВАНИЕ ОРГАНИЗАЦИИ - АЛЬТЕРНАТИВНАЯ ОТВЕТСТВЕННОСТЬ | |
| Начальный элемент ввода | "Проблемы модернизации российского государства и великие реформы Александра II: современный взгляд", "круглый стол" |
| Место проведения временной организации | Орел |
| Дата проведения временной организации | 2014 |
| Системный номер авторитетной/нормативной записи | 474234 |
| Идентификатор авторитетной/нормативной записи | RU\NLR\AUTH\880403602 |
| 801 #0 - ИСТОЧНИК ЗАПИСИ | |
| Страна | Российская Федерация |
| Организация | РГБ |
| Дата составления | 20150519 |
| Правила каталогизации | RCR |
| 801 #1 - ИСТОЧНИК ЗАПИСИ | |
| Страна | Российская Федерация |
| Организация | РГБ |
| Дата составления | 20150519 |
| Источник данных | rusmarc |
| 942 ## - ДОПОЛНИТЕЛЬНЫЕ ЭЛЕМЕНТЫ ЗАПИСИ (АБИС) | |
| Тип экземпляра АБИС | Книга |
| 980 ## - КОЛЛЕКЦИЯ | |
| Название коллекции | НБР |
Нет доступных экземпляров.